000 00238nam a2200085Ia 4500
008 220204s9999 xx 000 0 und d
245 0 _aSAARC charter day 2009
260 _aBangladesh
_bSAARC Agricultural Information Centre
_c2003
942 _cBK
999 _c44110
_d44110